Diseño de experimentos : soluciones con sas y spss [cd-rom] /

Guardado en:
Autor Principal: Vicente, María Lina
Otros Autores: Girón, Pedro, Nieto, Carmen, Pérez, Teresa
Formato: Libro
Publicado: Madrid : Pearson Educación, 2005
Materias:
Sas
Etiquetas: Agregar Etiqueta
Sin Etiquetas, Sea el primero en etiquetar este registro!
LEADER 00875nam a22002775a 4500
001 CEM.cems018036
005 20130904105347.0
008 130507s2005##################000#0#####d
003 CEMS
020 |a 8420544094 
082 0 4 |a CD519.5 
100 1 |a Vicente, María Lina 
245 1 0 |a Diseño de experimentos :  |b soluciones con sas y spss [cd-rom] /  |c María Lina Vicente ... [et Al.] 
260 |a Madrid :  |b Pearson Educación,  |c 2005 
300 |a 1 CD-ROM 
500 |a Acompaña al texto Diseño de experimentos : soluciones con Sas y Spss 
653 |a Estadística 
653 |a Teoría de muestras 
653 |a Diseño de experimentos 
653 |a Estadística descriptiva 
653 |a Sas 
653 |a Spss 
700 1 |a Girón, Pedro 
700 1 |a Nieto, Carmen 
700 1 |a Pérez, Teresa 
859 |a CEMS  |b BIB. CEMS - Agricultura  |h CD519.5  |i V662  |p A0065.013  |t Ej.1